Laboratory methods for the diagnosis of sexually transmitted diseases (Record no. 7205)

MARC details
000 -LEADER
fixed length control field 00686nam a22001937a 4500
003 - CONTROL NUMBER IDENTIFIER
control field OSt
005 - DATE AND TIME OF LATEST TRANSACTION
control field 20251218074827.0
008 - FIXED-LENGTH DATA ELEMENTS--GENERAL INFORMATION
fixed length control field 251218b |||||||| |||| 00| 0 eng d
020 ## - INTERNATIONAL STANDARD BOOK NUMBER
International Standard Book Number 0-87553-120-2.
040 ## - CATALOGING SOURCE
Original cataloging agency DWCL-Main lib
Transcribing agency OC
082 ## - DEWEY DECIMAL CLASSIFICATION NUMBER
Classification number Circ. 616.075 L123 1984
100 ## - MAIN ENTRY--PERSONAL NAME
Personal name Wentworth, Berttina B.
245 ## - TITLE STATEMENT
Title Laboratory methods for the diagnosis of sexually transmitted diseases
Statement of responsibility, etc. Wentworth, Berttina B.
260 ## - PUBLICATION, DISTRIBUTION, ETC.
Place of publication, distribution, etc. Washington, D.C. :
Name of publisher, distributor, etc. American Public Health Association,
Date of publication, distribution, etc. c1984.
300 ## - PHYSICAL DESCRIPTION
Extent VII, 261 pages :
Other physical details chiefly illustration ;
Dimensions 23 cm.
650 ## - SUBJECT ADDED ENTRY--TOPICAL TERM
Source of heading or term 1. Sexually transmitted diseases-Diagnosis.
700 ## - ADDED ENTRY--PERSONAL NAME
Personal name Judson, Franklyn N.
942 ## - ADDED ENTRY ELEMENTS (KOHA)
Source of classification or shelving scheme Dewey Decimal Classification
Koha item type Book Circulation
Call number prefix Circ.
Suppress in OPAC No
952 ## - LOCATION AND ITEM INFORMATION (KOHA)
--
Holdings
Withdrawn status Lost status Source of classification or shelving scheme Damaged status Not for loan Home library Current library Shelving location Date acquired Source of acquisition Cost, normal purchase price Total Checkouts Full call number Barcode Date last seen Copy number Price effective from Koha item type Uniform Resource Identifier
    Dewey Decimal Classification     HM & Nursing Library HM & Nursing Library Circulation 12/18/2007 Donation 0.00   Circ. 616.075 L123 1984 45505 12/18/2025 c1 12/18/2025 BK-CIRC